• 首页
  • 本馆介绍
  • 公告通知
  • 最新文献
  • 馆藏检索
  • 电子资源
  • 读者导购
  • 参考咨询
  • 我的图书馆
  • 登录
  • 详细信息显示
  • 放入我的书架
  • 预约/预借图书
  • 作者相关作品
  • 分类相关作品
  • 丛书相关作品
  • 出版社相关作品

书目信息

  • 表格格式
  • 工作单格式
  • 卡片格式
题名:
周期小波理论及其应用
    
 
作者: 彭思龙 著
分册:  
出版信息: 北京   科学出版社  2003
页数: 188页
开本: 20cm
丛书名: 现代数学基础丛书
单 册:
中图分类: O241.86 , O177
科图分类:
主题词: 周期 , 调和分析 , 周期--调和分析 , 数学分析
电子资源:
ISBN: 7-03-010947-3
000 01120nam0 2200313 450
000 01081nam0 2200289 450
000 01011nam0 2200265 450
000 00974nam0 2200253 45
005 20070527153322.79
010    @a7-03-010947-3@dCNY16.00
100    @a20070418d2003 em y0chiy0120 ea
101 0  @achi
102    @aCN@b110000
105    @ay z 000yy
200 1  @a周期小波理论及其应用@AZhou Qi Xiao Bo Li Lun Ji Qi Ying Yong@f彭思龙等著 @FPeng Si Long Deng Zhu
210    @a北京@c科学出版社@d2003
215    @a188页@d20cm
225 2  @a现代数学基础丛书
330    @a本书简要地介绍了近年来周期小波的一些主要进展。第一章主要介绍了周期小波的主要框架;第二章介绍从周期基函数出发构造周期平移正交小波的方法和理论;第三章介绍了周期基插值小波的构造方法和相关性质;最后一章介绍了周期拟小波用于求解一维周期积分方程的快速算法。
410  0 @12001 @a现代数学基础丛书
606 0  @a周期
606 0  @a调和分析
606 0  @a周期@x调和分析
606 0  @a数学分析
690    @aO241.86@v4
690    @aO177@v3
701  0 @a彭思龙@APeng Si Long@4著
801  0 @aCN@bTAOJIN@c20070527
905    @a10447@dO177@e70
    
    周期小波理论及其应用/彭思龙等著 .-北京:科学出版社,2003
    188页;20cm.-(现代数学基础丛书)
    
    
    ISBN 7-03-010947-3:CNY16.00
    本书简要地介绍了近年来周期小波的一些主要进展。第一章主要介绍了周期小波的主要框架;第二章介绍从周期基函数出发构造周期平移正交小波的方法和理论;第三章介绍了周期基插值小波的构造方法和相关性质;最后一章介绍了周期拟小波用于求解一维周期积分方程的快速算法。
●
相关链接 在E读中查询图书 在五车中查询图书 在当当中查询图书 在豆瓣中查询图书


正题名:周期小波理论及其应用     索取号:O177/70         预约/预借

序号 登录号 条形码 馆藏地/架位号 状态 备注
1 0523014   205230141   第二样本阅览室/ [索取号:O177/70] 在馆    
2 0523015   205230150   第三借阅区/ [索取号:O177/70] 在馆    
3 0523016   205230169   第三借阅区/ [索取号:O177/70] 在馆    
4 0523017   205230178   第三借阅区/ [索取号:O177/70] 在馆    
5 0523018   205230187   第三借阅区/ [索取号:O177/70] 在馆    
6 0523019   205230196   第三借阅区/ [索取号:O177/70] 在馆    
7 0523020   205230203   第三借阅区/ [索取号:O177/70] 在馆    
8 0523021   205230212   第三借阅区/ [索取号:O177/70] 在馆    
唐山师范学院图书馆 欢迎您!
大连网信软件有限公司© 版权所有